Hóa sinh lâm sàng
Saved in:
| Other Authors: | , , , , , |
|---|---|
| Format: | Book |
| Published: |
Tp. Hồ Chí Minh
Y học
2008
|
| Subjects: | |
| Tags: |
Add Tag
No Tags, Be the first to tag this record!
|
| Institutions: | Trung tâm Học liệu Lê Vũ Hùng, Trường Đại học Đồng Tháp |
|---|
| LEADER | 01143pam a22003258a 4500 | ||
|---|---|---|---|
| 001 | 00043281 | ||
| 005 | 20181123081141.0 | ||
| 008 | 110318s1997 ||||||Viesd | ||
| 020 | # | # | |c 50000 |
| 041 | 0 | # | |a Vie |
| 082 | 1 | 4 | |a 616.07 |b H401S |
| 245 | 0 | 0 | |a Hóa sinh lâm sàng |c Đỗ Đình Hồ (chủ biên); Đông Thị Hoài An....[và những người khắc] |
| 260 | # | # | |a Tp. Hồ Chí Minh |b Y học |c 2008 |
| 300 | # | # | |a 276tr. |c 27 cm. |
| 500 | # | # | |a ĐTTS ghi: Đại học y dược tp. Hồ Chí Minh. Khoa Y. Bộ môn hóa sinh |
| 653 | # | # | |a Xét nghiệm |
| 653 | # | # | |a Hướng dẫn |
| 653 | # | # | |a Hóa sinh lâm sàng |
| 653 | # | # | |a Y tế |
| 653 | # | # | |a y học |
| 700 | 1 | # | |a Lê, Xuân Trường |
| 700 | 1 | # | |a Nguyễn, Thị Hảo |
| 700 | 1 | # | |a Phạm, Thị Mai |
| 700 | 1 | # | |a Đông, Thị Hoài An |
| 700 | 1 | # | |a Đỗ, Thanh Thủy |
| 700 | 1 | # | |a Đỗ, Đình Hồ |e Chủ biên |
| 700 | 1 | # | |a Đỗ, Đình Hồ |
| 852 | # | # | |j KD.0025069 |
| 910 | 0 | # | |d 23/11/2018 |
| 980 | # | # | |a Trung tâm Học liệu Lê Vũ Hùng, Trường Đại học Đồng Tháp |